Airbus A350 Betreiber - Statistiken

Allgemein
  • Dieses Quiz wurde 136 mal gespielt
  • Das Durchschnittsergebnis liegt bei 14 aus 36
Antwortstatistiken
Airlines % Korrekt
Lufthansa
97%
Air France
88%
Qatar Airways
78%
British Airways
77%
Air China
71%
Delta Air Lines
67%
Iberia
61%
Singapore Airlines
61%
ITA Airways
59%
Etihad Airways
56%
Turkish Airlines
56%
Finnair
53%
Japan Airlines
53%
SAS Scandinavian Airlines
52%
Thai Airways International
51%
Aeroflot - Russian Airlines
49%
China Eastern Airlines
40%
China Southern Airlines
39%
Ethiopian Airlines
37%
Asiana Airlines
31%
Cathay Pacific
29%
Virgin Atlantic Airways
28%
Malaysia Airlines
23%
Vietnam Airlines
20%
French bee
19%
China Airlines
18%
Air Caraïbes Atlantique
15%
Air Mauritius
15%
Fiji Airways
12%
Philippine Airlines
12%
Sichuan Airlines
8%
Hainan Airlines
7%
Hong Kong Airlines
6%
Iberojet
5%
German Air Force
2%
K5-Aviation
1%
Keine übereinstimmenden Quizze gefunden
Verteilung der Resultate
Anzahl Personen mit jedem Resultat
Perzentil nach korrekt beantworteten Fragen
Ihre Resultats-Entwicklung
Sie haben dieses Quiz noch nicht gespielt